书目信息 |
| 题名: |
医学微生物学与人体寄生虫学
|
|
| 作者: | 肖运本 | |
| 分册: | ||
| 出版信息: | 北京 人民卫生出版社 1994 |
|
| 页数: | 288 | |
| 开本: | 26cm | |
| 丛书名: | ||
| 单 册: | ||
| 中图分类: | R38 | |
| 科图分类: | ||
| 主题词: | 寄生虫学:医学 | |
| 电子资源: | ||
| ISBN: | 7-117-00093-7 | |
| 000 | 00564nam0 2200193 450 | |
| 001 | 0741144344 | |
| 005 | 20070817112544.34 | |
| 010 | @a7-117-00093-7@d¥9.80 | |
| 100 | @a20070817d km y0chiy0120 ea | |
| 101 | 0 | @achi |
| 200 | 1 | @a医学微生物学与人体寄生虫学@Ayi xue wei sheng wu xue yu ren ti ji sheng chong xue@f肖运本@Fxiao yun ben |
| 205 | @a2版 | |
| 210 | @a北京@c人民卫生出版社@d1994 | |
| 215 | @a288@c插图@d26cm | |
| 606 | 0 | @a寄生虫学:医学 |
| 690 | @aR38@v3 | |
| 701 | 0 | @a肖运本@Axiao yun ben |
| 801 | 0 | @aCN@bPFT@c20070817 |
| 905 | @a213230@dR38@en1@f1 | |
| 医学微生物学与人体寄生虫学/肖运本.-2版.-北京:人民卫生出版社,1994 |
| 288:插图;26cm |
| ISBN 7-117-00093-7:¥9.80 |
| ● |
| 相关链接 |
|
|
|
|
正题名:医学微生物学与人体寄生虫学
索取号:R38/n1
 
预约/预借
| 序号 | 登录号 | 条形码 | 馆藏地/架位号 | 状态 | 备注 |
| 1 | 6600888 | 266008884 | 密集书库-生命科学系/ [索取号:R38/n1] | 在馆 |